[Event "US Open-88"]
[Site "Portland"]
[Date "1987.08.02"]
[Round "1"]
[White "Hanken, Jerome B"]
[Black "Stoltz, Eric"]
[Result "0-1"]
[WhiteElo "2249"]
[BlackElo "1720"]
[PlyCount "60"]
[EventDate "1987.08.02"]
[EventType "swiss"]
[EventRounds "12"]
[EventCountry "USA"]
[SourceTitle "EXT 1997"]
[Source "ChessBase"]
[SourceDate "1996.11.15"]
[SourceVersion "1"]
[SourceVersionDate "1996.11.15"]
[SourceQuality "1"]

1. c4 Nf6 2. g3 g6 3. Bg2 d5 4. cxd5 Nxd5 5. Qb3 c6 6. Nc3 Nb6 7. a4 Be6 8. Qc2 Bg7 9. a5 Nc4 10. b4 0-0 11. Nf3 Na6 12. Rb1 c5 13. bxc5 Nxc5 14. 0-0 Qxa5 15. Rb5 Qc7 16. Ng5 Nd6 17. Nd5 Bxd5 18. Rxc5 Bc6 19. Bxc6 bxc6 20. Rxc6 Qb7 21. Rc7 Qb5 22. d3 Rfc8 23. Bf4 Rxc7 24. Qxc7 Nf5 25. Nf3 a5 26. Rc1 a4 27. e4 a3 28. exf5 a2 29. Qc8+ Rxc8 30. Rxc8+ Bf8 0-1